Email english

Zapisane w:
Opis bibliograficzny
1. autor: Emmerson, Paul
Format: Książka
Język:Undetermined
Wydane: Oxford MacMillan 2004
Hasła przedmiotowe:
Etykiety: Dodaj etykietę
Nie ma etykietki, Dołącz pierwszą etykiete!
Thư viện lưu trữ: Trung tâm Học liệu Trường Đại học Cần Thơ
LEADER 00486nam a2200205Ia 4500
001 CTU_93471
008 210402s9999 xx 000 0 und d
020 |c 75000 
082 |a 428 
082 |b E54 
100 |a Emmerson, Paul 
245 0 |a Email english 
245 0 |c Paul Emmerson 
260 |a Oxford 
260 |b MacMillan 
260 |c 2004 
650 |a English language 
650 |x Writting 
904 |i Truc 
980 |a Trung tâm Học liệu Trường Đại học Cần Thơ